00383nam a22000977a 450000500170000010000840001724501040010126000270020530000100023270000430024220260629135740.0 aSajad Hussain Shaheena21-MEEE-04aSupervisor - Prof.Dr. Abdul Qayoom Jakhrani  aReduction of Total Dissolvel Solids from Brackish Ground Water Using Natural Adsorbents (Thesis ME) aNawabshahbQUESTc2025 a119p. aDepartment of Environment Engineering